000 00447nam a2200181Ia 4500
001 16573
005 20260306170319.0
008 260306t2004||||xx |||||||||||||| ||und||
041 _aESP
082 _a348.685L
_bP21
100 _aPalomino Ramírez, Teodosio A., 1938-
_eAUT
245 0 _aDerecho colectivo del trabajo
260 _c2004
300 _a338 páginas :
_c21 cm.
650 _aGEN
654 _aCDE
942 _cLIB
_dJUS
_fJUS
_2ddc
_n
999 _c16573
_d16573